Manažérstvo reklamácií ako súčasť zlepšovania manažérstva kvality = Complaint management which is a part of quality management improvement : Bakalárska práca

Gespeichert in:
Bibliographische Detailangaben
1. Verfasser: Vršanská, Zuzana (Verfasst von)
Weitere Verfasser: Garajová, Eva (xxx)
Format: Manuskript Buch
Sprache:Slowakisch
Veröffentlicht: Trnava : STU v Bratislave MTF UPMK KIK, 2007
Schlagworte:
Tags: Tag hinzufügen
Keine Tags, Fügen Sie das erste Tag hinzu!

MARC

LEADER 00000ntm a22000003a 4500
001 stu147404
005 20160719155650.8
008 071023s2007----xo------------------slo-d
040 |a STU  |b slo 
041 0 |a slo 
044 |a xo 
100 1 |a Vršanská, Zuzana  |4 aut 
245 1 |a Manažérstvo reklamácií ako súčasť zlepšovania manažérstva kvality = Complaint management which is a part of quality management improvement :  |b Bakalárska práca 
260 |a Trnava :  |b STU v Bratislave MTF UPMK KIK,  |c 2007 
300 |a 43 s  |c príl., 1 CD-ROM 
500 |a Odbor: inžinierstvo kvality produkcie 
650 7 |a manažérstvo kvality  |2 stusub 
650 7 |a reklama  |2 stusub 
700 1 |a Garajová, Eva  |4 xxx 
996 |b 284M066440  |c M*BP-2648  |l MMSKP  |s P  |a 0  |w stu147404_0001